Λεξικογραφικά και λαογραφικά Ρόδου

Αποθηκεύτηκε σε:
Λεπτομέρειες βιβλιογραφικής εγγραφής
Κύριος συγγραφέας: Παπαχριστοδούλου, Χριστόδουλος Ι., 1899-1988
Μορφή: Βιβλίο
Γλώσσα:Greek
Δημοσίευση: Αθήναι : [Ελληνική Λαογραφική Εταιρεία}, 1969
Σειρά:Λαογραφία. δελτίον της Ελληνικής Λαογραφικής Εταιρείας ; ; 7
Θέματα:
Ετικέτες: Προσθήκη ετικέτας
Δεν υπάρχουν, Καταχωρήστε ετικέτα πρώτοι!

MARC

LEADER 00000cam a2200000 i 4500
001 1/9176
008 100712s1969 gre d
035 |l 10108534 
040 |a GR-MY-UA  |b gre  |e aacr 
041 0 |a gre 
082 0 |a 398.0949587  |2 (22) 
100 1 |a Παπαχριστοδούλου, Χριστόδουλος Ι.,   |d 1899-1988. 
245 1 0 |a Λεξικογραφικά και λαογραφικά Ρόδου /  |c Χρ. Ι. Παπαχριστοδούλου 
260 |a Αθήναι :   |b [Ελληνική Λαογραφική Εταιρεία},   |c 1969 
300 |a 303 σ.;  |c 24 εκ. 
490 1 |a Λαογραφία. δελτίον της Ελληνικής Λαογραφικής Εταιρείας  |v ; 7 
500 |a "Πρώτον βραβείον γλωσσικού και λαογραφικού διαγωνισμού της Δωδεκανησιακής ενώσεως Αθηνών έτους 1936" 
650 0 0 |a Folklore  |z Greece  |z Rhodes (Island) 
650 0 0 |a Greek language, Modern  |x Dialects  |z Greece  |z Rhodes (Island) 
830 0 |a Λαογραφία. δελτίον της Ελληνικής Λαογραφικής Εταιρείας ;  |v ; 7 
852 |a INST  |b RHODES  |e 20100712  |h 398.0949587 ΠΑΠ  |p 005400032791  |q 005400032791  |t BK  |y 0 
901 |a BIBL4-2010-2 
909 |a Ρ  |b 160008 
970 |a ΚΟΖΑ  |b ΜΑΡΙΑ  |z 2010/07/12